[Event "Tambov Korensky Memorial 28th"]
[Site "Tambov"]
[Date "2019.08.24"]
[Round "1"]
[White "Bakhteev, Bakhtiyar"]
[Black "Ushakov, Aleksander"]
[Result "0-1"]
[WhiteElo "1845"]
[BlackElo "2109"]
[PlyCount "96"]
[EventDate "2019.08.24"]
[EventType "swiss"]
[EventRounds "9"]
[EventCountry "RUS"]
[SourceTitle "EXT 2020"]
[Source "ChessBase"]
[SourceDate "2019.10.17"]
[SourceVersion "1"]
[SourceVersionDate "2019.10.17"]
[SourceQuality "1"]

1. e4 c5 2. Nf3 d6 3. Bb5+ Nd7 4. 0-0 a6 5. Bd3 g6 6. c3 Bg7 7. Bc2 Ne5 8. Ne1 Bd7 9. d4 cxd4 10. cxd4 Nc6 11. Nf3 Qb6 12. d5 Nd4 13. Nxd4 Qxd4 14. Nc3 Qxd1 15. Rxd1 Rc8 16. Bd2 b5 17. Rdc1 Nf6 18. Bd3 Ng4 19. Nd1 0-0 20. Be2 f5 21. Bxg4 fxg4 22. Rxc8 Rxc8 23. Rc1 Kf7 24. Rxc8 Bxc8 25. Bf4 h6 26. Kf1 g5 27. Be3 Be5 28. Kg1 Kf6 29. f3 e6 30. dxe6 Bxe6 31. b3 gxf3 32. gxf3 d5 33. Nf2 Bc3 34. exd5 Bxd5 35. Kg2 h5 36. h3 Kf5 37. Bc5 Bd2 38. Bd4 a5 39. Bc5 Ke6 40. Kg3 Be1 41. Be3 Kf5 42. Bd4 Bb4 43. Nd3 Bd6+ 44. Kf2 a4 45. bxa4 bxa4 46. Nc5 a3 47. Nb3 Bxb3 48. axb3 Be5 0-1

[Event "Tambov Pavlyutin Memorial 8th"]
[Site "Tambov"]
[Date "2018.05.26"]
[Round "8"]
[White "Ushakov, Aleksander"]
[Black "Kutyanina, Mariya"]
[Result "0-1"]
[WhiteElo "2093"]
[BlackElo "2003"]
[PlyCount "60"]
[EventDate "2018.05.23"]
[EventType "tourn"]
[EventRounds "9"]
[EventCountry "RUS"]
[SourceTitle "CBM 184 Extra"]
[Source "ChessBase"]
[SourceDate "2018.06.28"]
[SourceVersion "1"]
[SourceVersionDate "2018.06.28"]
[SourceQuality "1"]

1. e4 d6 2. d4 Nf6 3. Nc3 e5 4. Nf3 Nbd7 5. Bc4 Be7 6. 0-0 0-0 7. Bb3 c6 8. dxe5 dxe5 9. Bg5 Qc7 10. Nh4 Nc5 11. Qf3 a5 12. Rfe1 a4 13. Bc4 b5 14. Bd3 b4 15. Ne2 Rd8 16. Ng3 Bg4 17. Qe3 Nxd3 18. cxd3 h6 19. Bxf6 Bxf6 20. Nhf5 Bg5 21. Qc5 Rxd3 22. Qxb4 Qa7 23. Rf1 g6 24. h4 gxf5 25. hxg5 Rxg3 26. exf5 Bf3 27. Qc3 Rxg2+ 28. Kh1 e4 29. Qf6 Rxf2+ 30. Kg1 Re2+ 0-1

[Event "Tambov Pavlyutin Memorial 8th"]
[Site "Tambov"]
[Date "2018.05.25"]
[Round "6"]
[White "Ushakov, Aleksander"]
[Black "Korensky, Sergey"]
[Result "1-0"]
[WhiteElo "2093"]
[BlackElo "2163"]
[PlyCount "119"]
[EventDate "2018.05.23"]
[EventType "tourn"]
[EventRounds "9"]
[EventCountry "RUS"]
[SourceTitle "CBM 184 Extra"]
[Source "ChessBase"]
[SourceDate "2018.06.28"]
[SourceVersion "1"]
[SourceVersionDate "2018.06.28"]
[SourceQuality "1"]

1. e4 c5 2. Nf3 d6 3. d4 cxd4 4. Nxd4 Nf6 5. Nc3 a6 6. g3 Bg4 7. f3 Bd7 8. Bg2 e5 9. Nb3 Be6 10. Be3 Be7 11. Qd2 Nbd7 12. Nd5 Bxd5 13. exd5 Nb6 14. Bxb6 Qxb6 15. 0-0-0 0-0 16. Rhe1 a5 17. Nd4 Rfc8 18. Nf5 Bf8 19. f4 Ng4 20. Qe2 Nf6 21. fxe5 dxe5 22. d6 Re8 23. Ne3 e4 24. Rf1 Re6 25. d7 Rd8 26. Nd5 Nxd5 27. Rxd5 g6 28. Bxe4 Bh6+ 29. Kb1 Bg7 30. c3 Bxc3 31. Qc2 Bg7 32. Rd2 a4 33. a3 Re7 34. Rfd1 f5 35. Bd5+ Kh8 36. Ba2 Re4 37. Rd6 Qa5 38. Bf7 Qe5 39. Re6 Qxe6 40. Bxe6 Rxe6 41. Qc8 Bf6 42. Qxb7 Re2 43. Qb6 Rxb2+ 44. Qxb2 Bxb2 45. Kxb2 Kg7 46. Kc3 Kf7 47. Kb4 Ke7 48. Kxa4 Rxd7 49. Rxd7+ Kxd7 50. Kb4 g5 51. Kc4 Kd6 52. Kd4 h5 53. h4 gxh4 54. gxh4 Ke6 55. a4 Kd6 56. a5 Kc6 57. Ke5 Kb5 58. Kxf5 Kxa5 59. Kg5 Kb6 60. Kxh5 1-0

[Event "RUS Central Region-chT"]
[Site "Lipetsk"]
[Date "2017.12.06"]
[Round "6.2"]
[White "Chuprikov, Dmitry"]
[Black "Ushakov, Aleksander"]
[Result "1-0"]
[WhiteElo "2328"]
[BlackElo "2080"]
[PlyCount "74"]
[EventDate "2017.12.03"]
[EventType "team-swiss"]
[EventRounds "7"]
[EventCountry "RUS"]
[SourceTitle "CBM 182 Extra"]
[Source "ChessBase"]
[SourceDate "2018.02.23"]
[SourceVersion "1"]
[SourceVersionDate "2018.02.23"]
[SourceQuality "1"]
[WhiteTeam "Voronezh Region"]
[BlackTeam "Tambov Region"]
[WhiteTeamCountry "RUS"]
[BlackTeamCountry "RUS"]

1. d4 Nf6 2. Nf3 e6 3. e3 d5 4. c4 c5 5. cxd5 exd5 6. Bb5+ Bd7 7. Bxd7+ Nbxd7 8. 0-0 Bd6 9. dxc5 Nxc5 10. b3 0-0 11. Bb2 Nfe4 12. Nc3 Nxc3 13. Bxc3 Ne6 14. Qd3 Rc8 15. Rfd1 Ng5 16. Nxg5 Qxg5 17. Rac1 Rc6 18. Bb2 Rd8 19. g3 h5 20. Qxd5 Rxc1 21. Qxg5 Rxd1+ 22. Kg2 Bf8 23. Bd4 Rc8 24. Qxh5 Rd2 25. a4 b6 26. h4 Rcc2 27. Qf5 Bc5 28. Bxc5 Rxc5 29. Qf4 Rcc2 30. b4 a5 31. b5 Ra2 32. h5 Rdb2 33. Qb8+ Kh7 34. Qf4 Kg8 35. g4 Rb4 36. Qf5 Rbxa4 37. g5 Rc4 1-0

[Event "RUS Central Region-chT"]
[Site "Lipetsk"]
[Date "2017.12.05"]
[Round "4.3"]
[White "Kovalchuk, Alexey"]
[Black "Ushakov, Aleksander"]
[Result "1-0"]
[WhiteElo "2445"]
[BlackElo "2080"]
[PlyCount "51"]
[EventDate "2017.12.03"]
[EventType "team-swiss"]
[EventRounds "7"]
[EventCountry "RUS"]
[SourceTitle "CBM 182 Extra"]
[Source "ChessBase"]
[SourceDate "2018.02.23"]
[SourceVersion "1"]
[SourceVersionDate "2018.02.23"]
[SourceQuality "1"]
[WhiteTeam "Kursk Region"]
[BlackTeam "Tambov Region"]
[WhiteTeamCountry "RUS"]
[BlackTeamCountry "RUS"]

1. e4 g6 2. d4 Bg7 3. Nf3 d6 4. Bc4 Nf6 5. Qe2 Nc6 6. e5 dxe5 7. dxe5 Ng4 8. e6 f5 9. h3 Nge5 10. Nxe5 Nxe5 11. Bb3 Qd4 12. 0-0 0-0 13. Rd1 Qh4 14. Nc3 f4 15. f3 c6 16. Ne4 a5 17. a4 b6 18. Bd2 Ba6 19. c4 Bc8 20. Bc3 Qh5 21. Nf2 c5 22. Rd5 Rf5 23. Rd8+ Rf8 24. Rxf8+ Kxf8 25. Qe4 Rb8 26. Re1 1-0

[Event "RUS Central Region-chT"]
[Site "Lipetsk"]
[Date "2017.12.04"]
[Round "2.4"]
[White "Novikov, Konstantin"]
[Black "Ushakov, Aleksander"]
[Result "1-0"]
[WhiteElo "2227"]
[BlackElo "2080"]
[PlyCount "61"]
[EventDate "2017.12.03"]
[EventType "team-swiss"]
[EventRounds "7"]
[EventCountry "RUS"]
[SourceTitle "CBM 182 Extra"]
[Source "ChessBase"]
[SourceDate "2018.02.23"]
[SourceVersion "1"]
[SourceVersionDate "2018.02.23"]
[SourceQuality "1"]
[WhiteTeam "Tula Region"]
[BlackTeam "Tambov Region"]
[WhiteTeamCountry "RUS"]
[BlackTeamCountry "RUS"]

1. e4 c5 2. Nf3 d6 3. c3 Nf6 4. h3 Nc6 5. Bd3 g6 6. Bc2 Bg7 7. d4 cxd4 8. cxd4 0-0 9. Nc3 Nd7 10. 0-0 Rb8 11. Bg5 Nb6 12. Rc1 Nc4 13. Bb3 N4a5 14. Nd5 Re8 15. Bc2 Nc4 16. Bb1 Nb6 17. a3 f6 18. Be3 e6 19. Nxb6 axb6 20. d5 Ne5 21. Nxe5 dxe5 22. Qb3 exd5 23. Bxb6 Qd7 24. exd5 Kh8 25. Bd3 Rg8 26. d6 Ra8 27. Rfd1 Bh6 28. Rc7 Qxd6 29. Qxg8+ Kxg8 30. Bc4+ Be6 31. Rxd6 1-0

[Event "RUS Central Region-chT"]
[Site "Lipetsk"]
[Date "2017.12.03"]
[Round "1.1"]
[White "Zabotin, Alexander"]
[Black "Ushakov, Aleksander"]
[Result "1-0"]
[WhiteElo "2449"]
[BlackElo "2080"]
[PlyCount "61"]
[EventDate "2017.12.03"]
[EventType "team-swiss"]
[EventRounds "7"]
[EventCountry "RUS"]
[SourceTitle "CBM 182 Extra"]
[Source "ChessBase"]
[SourceDate "2018.02.23"]
[SourceVersion "1"]
[SourceVersionDate "2018.02.23"]
[SourceQuality "1"]
[WhiteTeam "Vladimirsk Region"]
[BlackTeam "Tambov Region"]
[WhiteTeamCountry "RUS"]
[BlackTeamCountry "RUS"]

1. d4 Nf6 2. Nf3 g6 3. c4 Bg7 4. Nc3 0-0 5. e4 d6 6. Be2 Bg4 7. Be3 Nbd7 8. Ng1 Bxe2 9. Ngxe2 c5 10. f3 Qa5 11. Qd2 a6 12. 0-0 Rfc8 13. dxc5 Nxc5 14. Rab1 Ncd7 15. b3 b5 16. b4 Qc7 17. cxb5 axb5 18. Nxb5 Qc4 19. Na7 Re8 20. Rfc1 Qa6 21. Rc7 Bh6 22. b5 Bxe3+ 23. Qxe3 Qxa2 24. Nc3 Qa5 25. b6 Nc5 26. Nc6 Qa6 27. Nxe7+ Rxe7 28. Rxe7 Rb8 29. Qd4 Ncd7 30. Qxd6 Rc8 31. Rxd7 1-0

[Event "Tambov Korensky Memorial 26th"]
[Site "Tambov"]
[Date "2017.08.26"]
[Round "8"]
[White "Ushakov, Aleksander"]
[Black "Korensky, Sergey"]
[Result "0-1"]
[WhiteElo "2101"]
[BlackElo "2194"]
[PlyCount "54"]
[EventDate "2017.08.19"]
[EventType "swiss"]
[EventRounds "9"]
[EventCountry "RUS"]
[SourceTitle "CBM 180 Extra"]
[Source "ChessBase"]
[SourceDate "2017.10.06"]
[SourceVersion "1"]
[SourceVersionDate "2017.10.06"]
[SourceQuality "1"]

1. e4 c5 2. Nf3 d6 3. d4 cxd4 4. Nxd4 Nf6 5. Nc3 a6 6. a4 e5 7. Nf3 Qc7 8. Be2 Be7 9. 0-0 0-0 10. Bg5 Nbd7 11. Nh4 h6 12. Nf5 Re8 13. Bxh6 gxh6 14. Nxh6+ Kh7 15. Nxf7 Kg6 16. Nd5 Nxd5 17. exd5 Kxf7 18. Bh5+ Kf8 19. f4 e4 20. Bxe8 Qc5+ 21. Kh1 Kxe8 22. Qh5+ Kd8 23. Ra3 Bf6 24. Qf7 Kc7 25. g4 b6 26. g5 Bxb2 27. Rb3 Bb7 0-1

[Event "Tambov Korensky Memorial 26th"]
[Site "Tambov"]
[Date "2017.08.21"]
[Round "3"]
[White "Sapunov, Evgeny"]
[Black "Ushakov, Aleksander"]
[Result "1-0"]
[WhiteElo "2466"]
[BlackElo "2101"]
[PlyCount "67"]
[EventDate "2017.08.19"]
[EventType "swiss"]
[EventRounds "9"]
[EventCountry "RUS"]
[SourceTitle "CBM 180 Extra"]
[Source "ChessBase"]
[SourceDate "2017.10.06"]
[SourceVersion "1"]
[SourceVersionDate "2017.10.06"]
[SourceQuality "1"]

1. d4 Nf6 2. c4 g6 3. Nc3 Bg7 4. e4 d6 5. Nf3 0-0 6. h3 e5 7. d5 a5 8. Bg5 h6 9. Be3 Na6 10. Nd2 Nxe4 11. Ndxe4 f5 12. Bd3 fxe4 13. Nxe4 g5 14. g4 a4 15. Qxa4 Nc5 16. Qc2 Nxd3+ 17. Qxd3 Bd7 18. 0-0 Rf3 19. Kg2 Qf8 20. Qe2 Rf7 21. f3 c6 22. Qd3 cxd5 23. cxd5 Ra5 24. Rf2 Bb5 25. Qb3 Be8 26. Rc1 Ra8 27. a3 Rd7 28. Rfc2 Rf7 29. Rc8 Rxc8 30. Rxc8 Rd7 31. Bd2 Qe7 32. Bb4 Kf7 33. Qc2 Bf8 34. b3 1-0

[Event "Tambov Korensky Memorial 26th"]
[Site "Tambov"]
[Date "2017.08.19"]
[Round "1"]
[White "Ushakov, Aleksander"]
[Black "Pishchalnikov, Roman A"]
[Result "1-0"]
[WhiteElo "2101"]
[BlackElo "1797"]
[PlyCount "121"]
[EventDate "2017.08.19"]
[EventType "swiss"]
[EventRounds "9"]
[EventCountry "RUS"]
[SourceTitle "CBM 180 Extra"]
[Source "ChessBase"]
[SourceDate "2017.10.06"]
[SourceVersion "1"]
[SourceVersionDate "2017.10.06"]
[SourceQuality "1"]

1. e4 c5 2. Nf3 Nc6 3. d4 cxd4 4. Nxd4 e5 5. Nb5 d6 6. N1c3 a6 7. Na3 b5 8. Nd5 Be6 9. c4 b4 10. Nc2 Rb8 11. Bd3 Nf6 12. a3 b3 13. Ncb4 Bxd5 14. cxd5 Nxb4 15. axb4 Rxb4 16. Bd2 Rb8 17. Rxa6 Be7 18. 0-0 0-0 19. Ra7 Nd7 20. Ba5 Qe8 21. Bc3 Nc5 22. Qe2 Bd8 23. Ra3 Nxd3 24. Qxd3 Qb5 25. Rd1 f6 26. Qh3 Qc5 27. Qe6+ Kh8 28. Rf1 Bb6 29. Rxb3 Ra8 30. h3 Ra4 31. Qd7 Rxe4 32. Rb5 Qc7 33. Qxc7 Bxc7 34. Rb7 Rc4 35. Ra1 h5 36. Ra6 Bb8 37. Rc6 Rc5 38. Rxc5 dxc5 39. Ba5 Kh7 40. Rd7 Rc8 41. Kf1 Kh6 42. Ke2 g5 43. Kd3 Kg6 44. Kc4 Kf5 45. Rd8 Rxd8 46. Bxd8 e4 47. Kxc5 Ke5 48. Kc6 g4 49. Bb6 f5 50. Bc5 gxh3 51. gxh3 Kf4 52. d6 Bxd6 53. Bxd6+ Kf3 54. Bc5 Kg2 55. b4 Kxh3 56. b5 Kg2 57. b6 h4 58. b7 h3 59. b8Q h2 60. Qg3+ Kh1 61. Bd6 1-0

[Event "Tambov Pavlyutin Memorial 7th"]
[Site "Tambov"]
[Date "2017.06.29"]
[Round "4"]
[White "Ushakov, Aleksander"]
[Black "Pishchalnikov, Roman A"]
[Result "1-0"]
[WhiteElo "2077"]
[BlackElo "1819"]
[PlyCount "81"]
[EventDate "2017.06.28"]
[EventType "tourn"]
[EventRounds "9"]
[EventCountry "RUS"]
[SourceTitle "CBM 179 Extra"]
[Source "ChessBase"]
[SourceDate "2017.08.23"]
[SourceVersion "1"]
[SourceVersionDate "2017.08.23"]
[SourceQuality "1"]

1. c4 e5 2. Nf3 e4 3. Nd4 c5 4. Nc2 f5 5. g3 Nf6 6. Bg2 d5 7. cxd5 Nxd5 8. d3 Nf6 9. 0-0 exd3 10. Qxd3 Qxd3 11. exd3 Bd6 12. Re1+ Kf7 13. Nc3 Nc6 14. Be3 Be6 15. Nb5 Rad8 16. Nxd6+ Rxd6 17. Bxc5 Rxd3 18. Bxc6 bxc6 19. Nb4 Rd2 20. Nxc6 Ne4 21. Bxa7 Rxb2 22. Ne5+ Kf6 23. Bd4 Rxa2 24. Nc4+ Kg6 25. Rxa2 Bxc4 26. Ra7 Rd8 27. Be3 Nc3 28. Rc7 Ne2+ 29. Kg2 Bb5 30. f3 Ra8 31. Rc2 Kf6 32. Rexe2 Bxe2 33. Rxe2 g5 34. h4 gxh4 35. gxh4 Ra4 36. Bg5+ Kg6 37. Re6+ Kg7 38. h5 f4 39. h6+ Kg8 40. Re4 Ra2+ 41. Kh3 1-0

[Event "Tambov Region-ch"]
[Site "Tambov"]
[Date "2016.03.03"]
[Round "4"]
[White "Kryukov, Denis V"]
[Black "Ushakov, Aleksander"]
[Result "1/2-1/2"]
[WhiteElo "2298"]
[BlackElo "2061"]
[PlyCount "148"]
[EventDate "2016.03.02"]
[EventType "swiss"]
[EventRounds "9"]
[EventCountry "RUS"]
[SourceTitle "CBM 171 Extra"]
[Source "ChessBase"]
[SourceDate "2016.04.26"]
[SourceVersion "1"]
[SourceVersionDate "2016.04.26"]
[SourceQuality "1"]

1. e4 g6 2. d4 Bg7 3. Nc3 d6 4. f4 Nf6 5. Nf3 0-0 6. Be3 Nbd7 7. Qe2 c5 8. 0-0-0 Qa5 9. dxc5 Nxc5 10. Bd4 Ne6 11. Qd2 Nxd4 12. Nxd4 Bg4 13. Be2 Bxe2 14. Qxe2 Rfc8 15. Nb3 Qh5 16. Qxh5 Nxh5 17. Nd5 Kf8 18. g3 Nf6 19. Rhe1 Rc4 20. Nd2 Rc5 21. Nf3 Rac8 22. c3 Nxd5 23. Rxd5 Rxd5 24. exd5 Bxc3 25. Rd1 Bf6+ 26. Kb1 Rc5 27. Rd3 Rb5 28. b3 a5 29. a3 Rc5 30. Nd2 Rc3 31. Rxc3 Bxc3 32. Ne4 Bd4 33. g4 Be3 34. f5 h5 35. h3 hxg4 36. hxg4 Bf4 37. Kc2 e6 38. fxe6 fxe6 39. Kd3 exd5 40. Nf6 d4 41. Nd5 Bc1 42. a4 Bb2 43. Kc4 Kf7 44. Kd3 Ke6 45. Ke4 Bc3 46. Nf4+ Kf6 47. Nd3 Kg5 48. Kf3 Bd2 49. Kg3 Kf6 50. Kf3 Be3 51. Nb2 Bd2 52. Nd3 Ke6 53. Ke4 Be3 54. Nb2 Bg1 55. Nd3 Kf6 56. Kf4 Be3+ 57. Kf3 Kg5 58. Kg3 Bd2 59. Nb2 Bf4+ 60. Kf3 Be5 61. Nc4 b6 62. Nxb6 d3 63. Nc4 Bc3 64. Nxd6 Bb4 65. Ne4+ Kh4 66. Nf2 d2 67. Nd1 Kh3 68. Nb2 Kh2 69. Kf2 Bc5+ 70. Ke2 Kg3 71. Kxd2 Kxg4 72. Nd3 Bd6 73. b4 axb4 74. a5 Bc7 1/2-1/2

[Event "Tambov Region-ch"]
[Site "Tambov"]
[Date "2016.03.03"]
[Round "3"]
[White "Ushakov, Aleksander"]
[Black "Abashkin, Aleksandr P"]
[Result "1-0"]
[WhiteElo "2061"]
[BlackElo "1933"]
[PlyCount "83"]
[EventDate "2016.03.02"]
[EventType "swiss"]
[EventRounds "9"]
[EventCountry "RUS"]
[SourceTitle "CBM 171 Extra"]
[Source "ChessBase"]
[SourceDate "2016.04.26"]
[SourceVersion "1"]
[SourceVersionDate "2016.04.26"]
[SourceQuality "1"]

1. e4 c5 2. Nf3 d6 3. d4 cxd4 4. Nxd4 Nf6 5. Nc3 a6 6. g3 g6 7. Bg2 Bg7 8. 0-0 0-0 9. h3 Nbd7 10. a4 e6 11. Nb3 Qc7 12. a5 Ne5 13. Na4 Nc4 14. Bd2 Bd7 15. Bc3 Rac8 16. Re1 Rfd8 17. Nb6 Nxb6 18. axb6 Qb8 19. Nd4 e5 20. Nb3 Be6 21. Qe2 Rc6 22. f4 Nd7 23. Na5 Rxb6 24. f5 gxf5 25. exf5 Bxf5 26. Qf3 Be6 27. Nxb7 Rc8 28. Na5 Rb5 29. Nc6 Qb6+ 30. Bd4 exd4 31. Ne7+ Kh8 32. Nxc8 Qb8 33. Ne7 d5 34. Rxa6 Nc5 35. Rexe6 fxe6 36. Rc6 Rxb2 37. Rxc5 d3 38. Qxd3 Qa7 39. Qe3 Qxe7 40. Rc8+ Bf8 41. Qe5+ Qg7 42. Rxf8# 1-0

[Event "Tambov Region-ch"]
[Site "Tambov"]
[Date "2015.02.15"]
[Round "9"]
[White "Suvorov, Alexander"]
[Black "Ushakov, Aleksander"]
[Result "1/2-1/2"]
[WhiteElo "1940"]
[BlackElo "2054"]
[PlyCount "45"]
[EventDate "2015.02.11"]
[EventType "swiss"]
[EventRounds "9"]
[EventCountry "RUS"]
[SourceTitle "CBM 164 Extra"]
[Source "ChessBase"]
[SourceDate "2015.03.02"]
[SourceVersion "1"]
[SourceVersionDate "2015.03.02"]
[SourceQuality "1"]

1. d4 Nf6 2. c4 e6 3. Nc3 Bb4 4. Bd2 Nc6 5. e3 0-0 6. Bd3 d6 7. Nge2 e5 8. 0-0 Bxc3 9. Bxc3 e4 10. Bc2 d5 11. b3 Re8 12. Ng3 a5 13. Nh5 Nxh5 14. Qxh5 Be6 15. cxd5 Qxd5 16. Qxd5 Bxd5 17. Rac1 Ne7 18. a3 c6 19. b4 axb4 20. Bxb4 f6 21. Rb1 Kf7 22. Bb3 Bxb3 23. Rxb3 1/2-1/2

[Event "Tambov Region-ch"]
[Site "Tambov"]
[Date "2015.02.13"]
[Round "5"]
[White "Uryupin, Igor Nikolaevich"]
[Black "Ushakov, Aleksander"]
[Result "1-0"]
[WhiteElo "2242"]
[BlackElo "2054"]
[PlyCount "85"]
[EventDate "2015.02.11"]
[EventType "swiss"]
[EventRounds "9"]
[EventCountry "RUS"]
[SourceTitle "CBM 164 Extra"]
[Source "ChessBase"]
[SourceDate "2015.03.02"]
[SourceVersion "1"]
[SourceVersionDate "2015.03.02"]
[SourceQuality "1"]

1. Nf3 g6 2. c4 Bg7 3. d4 Nf6 4. Nc3 c5 5. g3 cxd4 6. Nxd4 Nc6 7. Bg2 0-0 8. 0-0 d6 9. Nxc6 bxc6 10. Bxc6 Bh3 11. Bg2 Bxg2 12. Kxg2 Rc8 13. Qd3 Qc7 14. Be3 a6 15. b3 d5 16. Nxd5 Nxd5 17. Qxd5 Bxa1 18. Rxa1 Rfd8 19. Qe4 Qc6 20. Qxc6 Rxc6 21. Rc1 a5 22. Kf1 Kf8 23. Ke1 Rb8 24. Kd2 a4 25. Kc3 axb3 26. axb3 Ke8 27. b4 Ra6 28. b5 Ra2 29. Kb3 Rba8 30. Kb4 R2a4+ 31. Kc3 e5 32. c5 Rb8 33. b6 Kd7 34. c6+ Kd6 35. c7 Re8 36. Kb3 Ra5 37. Kb4 Ra2 38. Kb5 Rb2+ 39. Ka6 Ra2+ 40. Kb7 Raa8 41. Rd1+ Ke6 42. Kc6 Ra6 43. Rd8 1-0

[Event "Tambov Korensky Memorial 23rd"]
[Site "Tambov"]
[Date "2014.08.25"]
[Round "3"]
[White "Ushakov, Aleksander"]
[Black "Dukov, Andrey V"]
[Result "1-0"]
[WhiteElo "2094"]
[BlackElo "2007"]
[PlyCount "23"]
[EventDate "2014.08.23"]
[EventType "swiss"]
[EventRounds "9"]
[EventCountry "RUS"]
[SourceTitle "EXT 2015"]
[Source "ChessBase"]
[SourceDate "2014.11.20"]
[SourceVersion "1"]
[SourceVersionDate "2014.11.20"]
[SourceQuality "1"]

1. e4 e5 2. Nf3 Nc6 3. Nc3 Nf6 4. Be2 Bc5 5. Nxe5 Nxe5 6. d4 Bxd4 7. Qxd4 Nc6 8. Qd3 h6 9. Qg3 Nd4 10. Bd1 g6 11. Qe5+ Ne6 12. Nd5 1-0

[Event "Tambov Korensky Memorial 23rd"]
[Site "Tambov"]
[Date "2014.08.24"]
[Round "2"]
[White "Najdin, Danil"]
[Black "Ushakov, Aleksander"]
[Result "1-0"]
[WhiteElo "2140"]
[BlackElo "2094"]
[PlyCount "117"]
[EventDate "2014.08.23"]
[EventType "swiss"]
[EventRounds "9"]
[EventCountry "RUS"]
[SourceTitle "EXT 2015"]
[Source "ChessBase"]
[SourceDate "2014.11.20"]
[SourceVersion "1"]
[SourceVersionDate "2014.11.20"]
[SourceQuality "1"]

1. e4 g6 2. d4 Bg7 3. f4 d6 4. Nf3 Nf6 5. Nc3 0-0 6. Be2 c6 7. 0-0 Nbd7 8. e5 Ne8 9. Be3 Nb6 10. Qd2 Nc7 11. Rad1 Be6 12. Qc1 f6 13. exd6 exd6 14. Rfe1 Qd7 15. Ne4 Rae8 16. Bd3 Bd5 17. Bf2 Bf7 18. b3 Ne6 19. c4 d5 20. Nc5 Qc8 21. Nxe6 Bxe6 22. c5 Na8 23. Qc2 Nc7 24. f5 Bxf5 25. Bxf5 Qxf5 26. Qxf5 gxf5 27. Nh4 Rxe1+ 28. Rxe1 Re8 29. Rxe8+ Nxe8 30. Nxf5 Bf8 31. g4 Kf7 32. Kg2 Ng7 33. Be3 Ke6 34. Nxg7+ Bxg7 35. Kf3 Bf8 36. Bf4 f5 37. g5 Bg7 38. Ke3 Kf7 39. h4 Kg6 40. Be5 Bf8 41. Bd6 Bg7 42. Be5 Bf8 43. Kf4 b6 44. cxb6 axb6 45. a4 c5 46. dxc5 Bxc5 47. h5+ Kxh5 48. Kxf5 d4 49. Bf4 Be7 50. Bd2 d3 51. b4 Bd8 52. a5 bxa5 53. bxa5 Be7 54. a6 Bc5 55. Ke4 Kg6 56. Be3 d2 57. Bxd2 Ba7 58. Bf4 Kf7 59. Be3 1-0

[Event "Tambov Pavlyutin Memorial 4th"]
[Site "Tambov"]
[Date "2014.05.23"]
[Round "5"]
[White "Ushakov, Aleksander"]
[Black "Suvorov, Alexander"]
[Result "1-0"]
[WhiteElo "2071"]
[BlackElo "2027"]
[PlyCount "79"]
[EventDate "2014.05.21"]
[EventType "tourn"]
[EventRounds "9"]
[EventCountry "RUS"]
[SourceTitle "CBM 160 Extra"]
[Source "ChessBase"]
[SourceDate "2014.07.01"]
[SourceVersion "1"]
[SourceVersionDate "2014.07.01"]
[SourceQuality "1"]

1. e4 c6 2. c4 e6 3. Nc3 Bb4 4. a3 Bxc3 5. dxc3 Ne7 6. c5 b6 7. Be3 Na6 8. cxb6 axb6 9. Qd6 Bb7 10. Qd4 0-0 11. Qxb6 Qxb6 12. Bxb6 d5 13. Bd3 Rfc8 14. b4 Ng6 15. Ne2 Ne5 16. Kd2 Nxd3 17. Kxd3 dxe4+ 18. Ke3 Nc7 19. c4 Ne8 20. Rhd1 Ra6 21. Bc5 Nf6 22. h3 h6 23. a4 Rca8 24. a5 Kh7 25. Nc3 Bc8 26. Na4 Rb8 27. Nb6 Bb7 28. Nd7 Nxd7 29. Rxd7 Bc8 30. Rxf7 Raa8 31. Bd6 Rb7 32. Rxb7 Bxb7 33. Kd4 Ba6 34. Kc5 Rc8 35. Rc1 Kg6 36. Kb6 Ra8 37. b5 cxb5 38. cxb5 Bc8 39. Rxc8 Rxc8 40. a6 1-0